00895 2200325 4500001002100000005001500021035002000036007000300056008004100059020002200100082001200122084001400134100003300148245007000181250002000251300002500271650001200296700002200308504003300330264003000363336002100393337003000414338002300444040002200467090001800489090002100507850001200528041000800540990002100548INLIS00000000084797820190529012104 a0010-0519001313ta190529 2019 yoi f | ind d a978-979-21-5813-704223a220 a220 MAR l0 aMartin Harun, OFMePengarang10aLukas :bInjil kaum marginal /cMartin Harun, OFM; editor, Marcel aCetakan pertama a408 halaman ;c21 cm 4aAlkitab0 aMarcelePengarang aBibliografi: halaman 404-405 aSleman :bKanisius,c2019 2rdacontentateks 2rdamediaatanpa perantara 2rdacarrieravolume aYOPDYOGbinderda aDEP 220 MAR l aCB-D.11 2019-508 aYOPDYOG0 aind aCB-D.11/2019-508